000 00618nam a2200229Ia 4500
003 OSt
005 20221007062634.0
006 a|||||r|||| 00| 0
007 ta
008 221006b |||||||| |||| 00| 0 eng d
024 _a17,483
037 _cTextual
040 _aFLL
_cFLL
_beng
041 _2eng
_aeng
082 _aY:434.73, K8
100 _aDavidson Roger H.
_9509465
245 0 _aAntipoverty housekeeping
260 _aAnn
_bArbor The University of Michigan Ann Arbor
_c1968
300 _a83p
_ccm.
942 _hY:434.73, K8
_cTEXL
_2CC
999 _c1129179
_d1129179